| 000 | 00618nam a2200193Ia 4500 | ||
|---|---|---|---|
| 003 | OSt | ||
| 005 | 20260610092600.0 | ||
| 008 | 210210b2003 xxu||||| |||| 00| 0 eng d | ||
| 040 | _cAL | ||
| 041 | _aKannada | ||
| 082 | _a624K SHRS | ||
| 100 |
_aSHRINIVASAN (M G). _dಶ್ರೀನಿವಾಸನ್ (ಎಮ್. ಜಿ.) _9265569 |
||
| 245 |
_aCivil engineering ondu parichaya. _bಸಿವಿಲ್ ಇಂಜಿನಿಯರಿಂಗ್ ಒಂದು ಪರಿಚಯ |
||
| 260 |
_aBengaluru _bNavakarnataka parichaya _c2003 |
||
| 300 | _a128 | ||
| 690 |
_aEngineering _9265570 |
||
| 906 | _a058310 | ||
| 942 |
_2ddc _cBK |
||
| 999 |
_c105635 _d105635 |
||